Directory of exporters of Indian produce and manufacturers (Record no. 19850)

MARC details
000 -LEADER
fixed length control field 00313nam a2200109Ia 4500
082 ## - DEWEY DECIMAL CLASSIFICATION NUMBER
Classification number 382.6(540)
Item number DIR
245 #0 - TITLE STATEMENT
Title Directory of exporters of Indian produce and manufacturers
250 ## - EDITION STATEMENT
Edition statement Ed.10
260 ## - PUBLICATION, DISTRIBUTION, ETC. (IMPRINT)
Place of publication New Delhi
Name of publisher Commercial Intelligence
Year of publication 1950
942 ## - ADDED ENTRY ELEMENTS (KOHA)
Koha item type Books
Holdings
Withdrawn status Lost status Damaged status Not for loan Home library Current library Date acquired Source of acquisition Full call number Accession Number Koha item type
        RRII Library RRII Library 16/12/2021 Auction 382.6(540) DIR 00580 Books